Konkurencieschopnosť chemického priemyslu SR pred vstupom do EÚ
Postavenie chemického priemyslu podľa vybraných ukazovateľov ekonomiky SR. Analýza konkurenčnej schopnosti slovenského chemického priemyslu. Konkurenčná schopnosť slovenských chemických výrobkov na trhu EÚ. Konkurenčná schopnosť výrobkových skupín chemickej produkcie SR.
Salvato in:
| Autore principale: | |
|---|---|
| Altri autori: | |
| Natura: | Capitolo di libro |
| Lingua: | slovacco |
| Soggetti: | |
| Tags: |
Nessun Tag, puoi essere il primo ad aggiungerne!!
|
MARC
| LEADER | 00000naa$a2200000$$$4500 | ||
|---|---|---|---|
| 001 | 0002485 | ||
| 005 | 20230825103219.7 | ||
| 041 | 0 | |a slo | |
| 044 | |a SK | ||
| 245 | 1 | 0 | |a Konkurencieschopnosť chemického priemyslu SR pred vstupom do EÚ |c aut. Peter Baláž, Elena Trenčianska |
| 520 | |a Postavenie chemického priemyslu podľa vybraných ukazovateľov ekonomiky SR. Analýza konkurenčnej schopnosti slovenského chemického priemyslu. Konkurenčná schopnosť slovenských chemických výrobkov na trhu EÚ. Konkurenčná schopnosť výrobkových skupín chemickej produkcie SR. | ||
| 610 | 2 | 0 | |a Európska únia |
| 610 | 2 | 0 | |a Slovensko |
| 610 | 2 | 0 | |a priemysel chemický |
| 610 | 2 | 0 | |a konkurencieschopnosť |
| 100 | 1 | |a Baláž, Peter | |
| 700 | 1 | |a Trenčianska, Elena | |